Perak Darul Ridzuan

Bibliographic Details
Main Author: Suraya
Format: Book
Published: Kuala Lumpur : Penerbitan Hartamas , 1995
Series:Siri tanah airku
Subjects:

MARC

LEADER 00000cam a2200000 7i4500
001 0000066624
005 20161005.0
008 161005
020 |a 9830340635(set) 
020 |a 9830340678 
090 0 0 |a PLC   |b MAL 
100 1 |a Suraya 
245 1 0 |a Perak Darul Ridzuan   |c Suraya 
260 |a Kuala Lumpur :   |b Penerbitan Hartamas ,   |c 1995 
300 |a 53pg. :   |b col. ill. 
490 1 |a Siri tanah airku 
500 |a Children ages 7-9 years old (orange) 
650 0 |a Perak   |x History 
999 |a 0000585175   |b Book   |c Children Collection   |e Cawangan Bandar Penawar 
999 |a 0000585178   |b Book   |c Children Collection   |e Cawangan Pontian 
999 |a 0000585180   |b Book   |c Children Collection   |e Cawangan Tmn. Ungku Tun Aminah 
999 |a 0000585182   |b Book   |c Children Collection   |e Cawangan Mersing 
999 |a 0000797845   |b Book   |c Children Collection   |e Cawangan Segamat 
999 |a 0000799276   |b Book   |c Children Collection   |e Cawangan Pontian 
999 |a 0000817256   |b Book   |c Children Collection   |e Cawangan Bandar Penawar 
999 |a 0000818917   |b Book   |c Children Collection   |e Cawangan Mersing 
999 |a 0000931882   |b Book   |c Children Collection   |e Cawangan Tangkak 
999 |a 0000931883   |b Book   |c Children Collection   |e Cawangan Tangkak 
999 |a 0000931884   |b Book   |c Children Collection   |e Cawangan Tangkak 
999 |a 0000946143   |b Book   |c Children Collection   |e Cawangan Taman Sri Lambak 
999 |a 0000946144   |b Book   |c Children Collection   |e Cawangan Taman Sri Lambak 
999 |a 0000946145   |b Book   |c Children Collection   |e Cawangan Taman Sri Lambak